| 000 | 00473nam a2200133Ia 4500 | ||
|---|---|---|---|
| 008 | 170221s9999 xx 000 0 und d | ||
| 100 | _aFrancesco Capalbo | ||
| 245 | 4 | _aThe Imperfect Match of Public Accountability of State-Owned Enterprises and Private-Sector-Type Financial Reporting: The Case of Italy | |
| 245 | _cFrancesco Capalbo and Ricardo Palumbo | ||
| 260 | _c2015 | ||
| 300 | _a4 : 4 | ||
| 650 | _xBusiness | ||
| 856 | _uhttp://ro.uow.edu.au/aabfj/vol7/iss4/4/ | ||
| 999 |
_c313614 _d313614 |
||